Southville International School and Colleges
Your cart is empty.
  • Cart
  • Lists
    Public lists Eva Luna New books Lux_list list_1
    Your lists Log in to create your own lists
  • Log in to your account
  • Your cookies
  • Search history
Southville International School and Colleges
  • Advanced search
  • Recent comments
  • Most popular
  • Libraries

Log in to your account

Log in with GOOGLE


If you do not have an external account, but do have a local account, you can still log in:

  1. Home
  2. MARC view: Are mountains growing taller? :
Normal view MARC view ISBD view

Are mountains growing taller? : (Record no. 298973)

[ view plain ]
MARC details
000 -LEADER
fixed length control field 00957nam a2200313Ia 4500
008 - FIXED-LENGTH DATA ELEMENTS--GENERAL INFORMATION
fixed length control field 160803s9999 xx 000 0 und d
020 ## - INTERNATIONAL STANDARD BOOK NUMBER
International Standard Book Number 0 439579384
100 ## - MAIN ENTRY--PERSONAL NAME
Personal name Berger, Melvin
245 ## - TITLE STATEMENT
Title Are mountains growing taller? :
245 ## - TITLE STATEMENT
Remainder of title questions and answers about the changing earth /
245 ## - TITLE STATEMENT
Statement of responsibility, etc by Melvin and Gilda Berger ; illustrated by Robin Carter.
260 ## - PUBLICATION, DISTRIBUTION, ETC. (IMPRINT)
Place of publication, distribution, etc New York :
260 ## - PUBLICATION, DISTRIBUTION, ETC. (IMPRINT)
Name of publisher, distributor, etc Scholastic Inc.
260 ## - PUBLICATION, DISTRIBUTION, ETC. (IMPRINT)
Date of publication, distribution, etc 2002
300 ## - PHYSICAL DESCRIPTION
Extent 50 pages :
300 ## - PHYSICAL DESCRIPTION
Other physical details color illustrations, color maps ;
300 ## - PHYSICAL DESCRIPTION
Dimensions 21 x 26 cm.
440 ## - SERIES STATEMENT/ADDED ENTRY--TITLE
Title Scholastic question and answer series.
650 ## - SUBJECT ADDED ENTRY--TOPICAL TERM
Topical term or geographic name as entry element Earth --
650 ## - SUBJECT ADDED ENTRY--TOPICAL TERM
Topical term or geographic name as entry element Geodynamics -- Miscellanea --
650 ## - SUBJECT ADDED ENTRY--TOPICAL TERM
Topical term or geographic name as entry element Geology --
650 ## - SUBJECT ADDED ENTRY--TOPICAL TERM
Topical term or geographic name as entry element Geomorphology -- Miscellanea --
650 ## - SUBJECT ADDED ENTRY--TOPICAL TERM
Topical term or geographic name as entry element Questions and answers.
650 ## - SUBJECT ADDED ENTRY--TOPICAL TERM
General subdivision Juvenile literature.
650 ## - SUBJECT ADDED ENTRY--TOPICAL TERM
General subdivision Juvenile literature.
650 ## - SUBJECT ADDED ENTRY--TOPICAL TERM
General subdivision Juvenile literature.
650 ## - SUBJECT ADDED ENTRY--TOPICAL TERM
General subdivision Juvenile literature.
700 ## - ADDED ENTRY--PERSONAL NAME
Personal name 670
Holdings
Withdrawn status Lost status Damaged status Home library Current library Shelving location Date acquired Total Checkouts Barcode Date last seen Price effective from Koha item type
      Stonyhurst Southville International School (Batangas) Stonyhurst Southville International School (Batangas) Lexiled 08/03/2016   SC-899 08/03/2016 08/03/2016 Books

Are mountains growing taller? :

APA

Berger M., 670, .Are mountains growing taller?. New York: .

Chicago

Berger Melvin, 670, .Are mountains growing taller?. New York: .

Harvard

Berger M., 670, .Are mountains growing taller?. New York: .

MLA

Berger Melvin, 670, .New York: . .

  • Place hold
  • Print
  • Cite
  • Add to your cart (remove)
  • Save record
    BIBTEX Dublin Core MARCXML MARC (non-Unicode/MARC-8) MARC (Unicode/UTF-8) MARC (Unicode/UTF-8, Standard) MODS (XML) RIS
  • More searches
    Search for this title in:
    Other Libraries (WorldCat) Other Databases (Google Scholar) Online Stores (Bookfinder.com) Open Library (openlibrary.org)

Exporting to Dublin Core...

SOUTHVILLE LIBRARY

Southville International School and Colleges Library

1281 Tropical Ave. Cor. Luxembourg St., BF Homes International, Las Pinas City

Tel. No. 8256374 / 252358 Loc. 117/146

Powered by Koha